00862nam a22002057a 4500999001700000008004100017020001500058020001800073050002200091100002100113245011000134260004400244300004200288650003300330650002500363650008500388700002300473942003400496952012600530 c25163d25163170131b xxu||||| |||| 00| 0 eng d a0325028796 a9780325028798 aLB 1576 .P56 2011 aPinnell, Gay Su  aThe continuum of literacy learning, grades 3-8 : ba guide to teaching/cGay Su Pinnell; Irene C. Fountas aPortsmouth, N.H. : bHeinemann, c2011. aiv, 247 pages : illustrations ; 28 cm a Language arts (Elementary)  aReading (Elementary) aEnglish language -- Composition and exercises -- Study and teaching (Elementary) a Fountas, Irene C. 2lcccBOOKShLB 1576 .P56 2011 00102lcc4070aMUCbMUCcTECHd2017-01-31eDonation (B.F.A)l0oLB 1576 .P56 2011p33369r2018-05-31w2017-01-31yBOOKS